000 00515ntaaa2200181 4500
003 01
005 20251027202017.0
008 0714s1973 ag 01
040 _aAR-BaBN
_bspa
_cAR-BaBN
_eaacr
_dRIC
082 _a261.7000 C73
100 _aCommittee on World Literacy and Christian Literature
_918729
245 _aEsto es el comunismo
250 _a1 ed. :
_bAlfalit,
_c1963
300 _av, 87 p.
500 _acompendio cristiano sobre teoría y práctica comunistas
650 _aComunismo
_92897
942 _cBK
999 _c14868
_d14868